360° spätná väzba skvelý prostriedok proti strare reality

Pokračovanie článku z predchádzajúceho čísla o hodnotení zamestnancov. Objektívnosť a zvolený princíp kategorizácie hodnotiteľov z pohľadu pracovného zaradenia voči hodnotenej osobe. Posúdenie úspešnosti a hľadanie optimálenho pomeru realizácie s dosiahnutím účelu v primeranej kvalite.

Guardado en:
Detalles Bibliográficos
Autor principal: Ďurian, Jozef
Formato: Capítulo de libro
Lenguaje:eslovaco
Materias:
Etiquetas: Agregar Etiqueta
Sin Etiquetas, Sea el primero en etiquetar este registro!

MARC

LEADER 00000naa a2200000 4500
001 0231309
005 20221104113152.9
041 0 |a slo 
044 |a SK 
245 1 0 |a 360° spätná väzba  |b skvelý prostriedok proti strare reality  |c Jozef Ďurian 
520 |a Pokračovanie článku z predchádzajúceho čísla o hodnotení zamestnancov. Objektívnosť a zvolený princíp kategorizácie hodnotiteľov z pohľadu pracovného zaradenia voči hodnotenej osobe. Posúdenie úspešnosti a hľadanie optimálenho pomeru realizácie s dosiahnutím účelu v primeranej kvalite. 
610 2 0 |a hodnotenie pracovníkov 
610 2 0 |a riadenie personálne 
610 2 0 |a výber pracovníkov 
610 2 0 |a kompetencie 
610 2 0 |a rozvoj pracovníkov 
610 2 0 |a väzba spätná 
610 2 0 |a metódy 
100 1 |a Ďurian, Jozef